| 000 | 00872nam a22002297a 4500 | ||
|---|---|---|---|
| 999 |
_c5775 _d5775 |
||
| 003 | AR-CdUCM | ||
| 008 | 190313b ||||| |||| 00| 0 spa d | ||
| 040 |
_aMUNICIPALIDAD PROVINCIAL DEL CUSCO _cBIBLIOTECA MUNICIPAL DEL CUSCO |
||
| 082 |
_a984.004 / _bAR68 |
||
| 110 |
_aInstituto libertador Ramon Castilla _912554 |
||
| 245 |
_aArchivo Castilla : _bManifiesto y mensajes / |
||
| 260 |
_aCallao : _bColegio militar Leoncio Prado, _c1956. |
||
| 300 |
_a313 paginas ; _c24 cm. |
||
| 440 |
_aVolumen _n1 _917160 |
||
| 500 | _aDonación de la familia Nieto | ||
| 505 | _aContenido : Manifiestos -- Mensajes -- Mensaje leído por el presidente del república, gran mariscal Ramón Castilla ... | ||
| 650 |
_aRamos Castilla y el Peru _917161 |
||
| 650 |
_aHistoria republicana del Perú _917162 |
||
| 650 |
_aHistoria del Perú _9259 |
||
| 942 |
_2ddc _cLIBROS |
||
| 945 | _arah | ||